000 00849nam0a2200277 4500
001 RU\NLR\bibl\1250017
005 20250615123702.0
010 _a978-5-9524-2574-3
_915000
021 _aRU
_b2008-36930
_92031
035 _a(NLR Aleph) 001236117
090 _a229197
_c229197
100 _a20080708d2008 |||y0rusy50 ca
101 1 _arus
_ceng
102 _aRU
105 _ay |||||||||
200 1 _aОчарование юности
_eроман
_fМаргарет Малькольм
210 _aМосква
_cЦентрполиграф
_d2008
215 _a158, [2] с.
_d17
225 1 _aЦветы любви
686 _aШ6(4Вл)67-440.4{Лх1299-50}
700 1 _aМалькольм
_bМ.
_gМаргарет
_4070
801 0 _aRU
_bNLR
_c20080708
_gRCR
801 1 _aRU
_bNLR
_c20080708
942 _cBOOK
980 _aNB